[Event "Bogota sf2 U16"]
[Site "Bogota"]
[Date "2018.04.01"]
[Round "6.12"]
[White "Foronda Tovar, Carlos Andres"]
[Black "Rodriguez Rozo, Edwin Giovanny"]
[Result "1-0"]
[WhiteElo "1482"]
[BlackElo "1225"]
[PlyCount "65"]
[EventDate "2018.03.29"]
[EventType "swiss"]
[EventRounds "6"]
[EventCountry "COL"]
[SourceTitle "EXT 2024"]
[Source "ChessBase"]
[SourceDate "2023.10.10"]
[SourceVersion "1"]
[SourceVersionDate "2023.10.10"]
[SourceQuality "1"]

1. d4 d5 2. c4 e6 3. e3 c6 4. Nf3 f5 5. Nbd2 Nd7 6. Bd3 Ngf6 7. 0-0 Bd6 8. b3 0-0 9. Bb2 Ne4 10. Rc1 g5 11. Ne5 Qf6 12. Nxd7 Bxd7 13. Nf3 g4 14. Ne5 Qh6 15. Qe1 Bxe5 16. dxe5 Rf7 17. f3 Nc5 18. Bb1 gxf3 19. Rxf3 Ne4 20. cxd5 exd5 21. Bxe4 fxe4 22. Rg3+ Kf8 23. Ba3+ Re7 24. Bxe7+ Kxe7 25. Qb4+ Kd8 26. Qxb7 Rc8 27. Qxa7 Ke7 28. Qc5+ Kd8 29. Rf1 Kc7 30. Qa7+ Kd8 31. Rg8+ Be8 32. Rf7 Qxe3+ 33. Qxe3 1-0

[Event "Bogota sf2 U16"]
[Site "Bogota"]
[Date "2018.03.31"]
[Round "5.6"]
[White "Foronda Tovar, Carlos Andres"]
[Black "Pinillo Canon, Silvana"]
[Result "0-1"]
[WhiteElo "1482"]
[BlackElo "1662"]
[PlyCount "132"]
[EventDate "2018.03.29"]
[EventType "swiss"]
[EventRounds "6"]
[EventCountry "COL"]
[SourceTitle "EXT 2024"]
[Source "ChessBase"]
[SourceDate "2023.10.10"]
[SourceVersion "1"]
[SourceVersionDate "2023.10.10"]
[SourceQuality "1"]

1. d4 Nf6 2. c4 e6 3. e3 Be7 4. Nf3 d5 5. Nbd2 0-0 6. b3 b6 7. Bb2 Bb7 8. Rc1 Nbd7 9. Bd3 Re8 10. 0-0 Bf8 11. Bb1 Rc8 12. Re1 c5 13. Ne5 g6 14. Ndf3 Bg7 15. h3 Ne4 16. Nxd7 Qxd7 17. Ne5 Qc7 18. cxd5 Bxd5 19. Nf3 Red8 20. Qe2 Qb7 21. Ne5 Qb8 22. Nf3 Bb7 23. Red1 a5 24. a4 Qa8 25. Re1 cxd4 26. Rxc8 Rxc8 27. exd4 Nc3 28. Qe3 Nd5 29. Qd2 Nb4 30. Qe3 Rd8 31. Rd1 Nd5 32. Qd2 Bf8 33. Rc1 Bd6 34. Ne5 Nb4 35. Qg5 Bd5 36. Qf6 Bxe5 37. Qxe5 Nc6 38. Qf6 Re8 39. h4 Qd8 40. Qf4 h5 41. Rc3 Kg7 42. Bc1 Qf6 43. Qh6+ Kg8 44. Rg3 Qg7 45. Qxg7+ Kxg7 46. Bb2 Rc8 47. Rc3 Ne7 48. Rg3 Rc7 49. f4 Rd7 50. Kf2 Nc6 51. f5 exf5 52. Bxf5 Re7 53. Bb1 Nd8 54. Ba3 Rc7 55. Bd6 Rc6 56. Be5+ Kf8 57. Bf4 Ne6 58. Bh6+ Kg8 59. Bd2 Kg7 60. Kf1 Kf8 61. Bh6+ Ke8 62. Bd2 Nxd4 63. Rd3 Nxb3 64. Rxd5 Nxd2+ 65. Rxd2 Rc1+ 66. Kf2 Rxb1 0-1

[Event "Buenaventura sf2 U16"]
[Site "Buenaventura"]
[Date "2017.03.19"]
[Round "4.2"]
[White "Oliveros, Camilo"]
[Black "Foronda Tovar, Carlos Andres"]
[Result "1-0"]
[WhiteElo "2030"]
[BlackElo "1442"]
[PlyCount "29"]
[EventDate "2017.03.17"]
[EventType "swiss"]
[EventRounds "6"]
[EventCountry "COL"]
[SourceTitle "EXT 2024"]
[Source "ChessBase"]
[SourceDate "2023.10.10"]
[SourceVersion "1"]
[SourceVersionDate "2023.10.10"]
[SourceQuality "1"]

1. b3 e5 2. Bb2 Nc6 3. c4 Bc5 4. Nc3 Nf6 5. g3 b6 6. Bg2 Bb7 7. e3 Rb8 8. Nge2 0-0 9. 0-0 Re8 10. d4 exd4 11. exd4 Bd6 12. d5 Ne5 13. Nd4 c6 14. Nf5 Qc7 15. dxc6 1-0

[Event "Quindio Region-ch U14/16/18"]
[Site "Armenia"]
[Date "2017.02.11"]
[Round "3.2"]
[White "Foronda Tovar, Carlos Andres"]
[Black "Villa Arbelaez, Santiago"]
[Result "1-0"]
[WhiteElo "1442"]
[BlackElo "1500"]
[PlyCount "51"]
[EventDate "2017.02.11"]
[EventType "swiss"]
[EventRounds "5"]
[EventCountry "COL"]
[SourceTitle "EXT 2024"]
[Source "ChessBase"]
[SourceDate "2023.10.10"]
[SourceVersion "1"]
[SourceVersionDate "2023.10.10"]
[SourceQuality "1"]

1. d4 Nf6 2. c4 e6 3. a3 Be7 4. Nc3 d5 5. Nf3 c5 6. e3 Bd7 7. Bd3 a6 8. 0-0 dxc4 9. Bxc4 Bc6 10. Re1 Ne4 11. Bd2 Nxd2 12. Nxd2 cxd4 13. exd4 Qxd4 14. Qe2 0-0 15. Rad1 e5 16. Qxe5 Qg4 17. Bd5 Bf6 18. Qe4 Qxe4 19. Ndxe4 Nd7 20. Bxc6 Bxc3 21. Nxc3 bxc6 22. Rxd7 Rfd8 23. Rxd8+ Rxd8 24. h3 h6 25. Rd1 Rxd1+ 26. Nxd1 1-0

[Event "COL-ch School U15"]
[Site "Monteria"]
[Date "2016.12.10"]
[Round "4.8"]
[White "Foronda Tovar, Carlos Andres"]
[Black "Cotes Ontibon, Juan Sebastian"]
[Result "0-1"]
[WhiteElo "1404"]
[BlackElo "1563"]
[PlyCount "60"]
[EventDate "2016.12.07"]
[EventType "swiss"]
[EventRounds "6"]
[EventCountry "COL"]
[SourceTitle "EXT 2024"]
[Source "ChessBase"]
[SourceDate "2023.10.10"]
[SourceVersion "1"]
[SourceVersionDate "2023.10.10"]
[SourceQuality "1"]

1. d4 d5 2. c4 dxc4 3. e3 Nf6 4. Bxc4 e6 5. a3 c5 6. Nf3 a6 7. 0-0 Be7 8. Nc3 0-0 9. Re1 b5 10. Bd3 Bb7 11. e4 cxd4 12. Nxd4 Qxd4 13. e5 Rd8 14. exf6 Bxf6 15. Re3 g6 16. Qe1 Nc6 17. Bc2 Ne5 18. Ne2 Qg4 19. Ng3 Rac8 20. h3 Qc4 21. Be4 Bxe4 22. Rxe4 Qc2 23. Rxe5 Rd1 24. Kh2 Rxe1 25. Rxe1 Qc7 26. Re2 h5 27. Kg1 Be5 28. Ne4 Qxc1+ 29. Rxc1 Rxc1+ 30. Re1 Rxe1# 0-1